Literatura de tradicão oral no concelho de Penamacor (Record no. 45215)

MARC details
000 -Etiqueta do registo
Valores 00971nam a2200253 4500
010 ## - Número ISBN
ISBN 9789893636305
021 ## - Número do Depósito Legal
Número 550856/25
100 ## - Dados gerais de processamento
Dados gerais 20250916d2025 m d0pory50030103ba
101 0# - Língua de publicação
Língua por
102 ## - País de publicação
País PT
200 1# - Titulo e menção de responsabilidade
Título próprio Literatura de tradicão oral no concelho de Penamacor
Informação de outro título contos, lendas, romances
Primeira menção de responsabilidade coord. e ed. lit. Paulo Jorge Correia
Outras menções de responsabilidade recolhas Gorete Alvito de Brito, Rosa Gonçalves
-- transcr. musicais Mili Vizcaíno
210 #9 - Publicação
Local de publicação Penamacor
Nome do editor Câmara Municipal de Penamacor,
Data de publicação 2025
215 ## - Descrição física 
Paginação / Volumes 551 p.
Outras indicações físicas il.
Dimensões 26 cm
314 ## - Responsabilidade Intelectual
Texto da nota recolhas Gorete Alvito de Brito, Rosa Gonçalves
675 ## - CDU
Notação 398.5(=1:469.331)
Edição BN
Língua por
700 #1 - Autor principal
Apelido Correia,
Nome Paulo,
Datas 1966-
Função 560
702 #1 - Autor secundário
Apelido Brito,
Nome Gorete Alvito de
Função 560
702 #1 - Autor secundário
Apelido Mili,
Nome Vizcaíno
Função 560
702 #1 - Autor secundário
Apelido Gon—calves,
Nome Rosa
Função 560
801 #0 - Fonte de origem
País PT
Agência BN
Regras de catalogação RPC
856 41 - Localização e acesso electrónico 
URL <a href="http://rnod.bnportugal.gov.pt/ImagesBN/winlibimg.aspx?skey=&doc=2226319&img=213592&save=true">http://rnod.bnportugal.gov.pt/ImagesBN/winlibimg.aspx?skey=&doc=2226319&img=213592&save=true</a>
990 ## - Elementos KOHA
Tipo de documento Livro
Holdings
Aquisição Empréstimo Código de barras Cota Permissão de empréstimo Tipo de documento Nota relativa ao exemplar
Biblioteca Municipal de Redondo Biblioteca Municipal de Redondo 055908 398.5 COR Consulta presencial Livro oferta do Município de Penamacor

Powered by Koha